[Event "18th Delhi GM Open 2020"]
[Site "Delhi"]
[Date "2020.01.11"]
[Round "4.4"]
[White "Rudrashish Chakraborty"]
[Black "Krishna C R G"]
[Result "0-1"]
[WhiteElo "1512"]
[BlackElo "2436"]
[Annotator "TA"]
[PlyCount "58"]
[EventDate "2020.01.09"]
[EventType "swiss"]
[EventCountry "IND"]
[SourceTitle "playchess.com"]
[Source "ChessBase"]
[SourceQuality "1"]

{[%evp 19,66,52,52,50,47,52,50,46,22,10,25,0,60,-3,6,-56,87,0,0,-67,-69,-69,-68,-60,-68,-74,-66,-64,-69,-473,-489,-467,-402,-415,-417,-422,-242,-254,-250,-238,-222,-481,-485,-565,-575,-662,-666,-657,-654]} 1. e4 e6 2. d4 d5 3. Nc3 Bb4 4. e5 Qd7 5. a3 Bxc3+ 6. bxc3 b6 7. Qg4 f5 8. Qg3 Ba6 9. Bxa6 Nxa6 10. a4 Nb8 11. Ne2 $146 {C16: French: 3 Nc3 Bb4 4 e5: Lines without ...c5} (11. h4 Nc6 12. Ne2 Qf7 13. h5 Na5 14. Bg5 Kd7 15. Nf4 Nh6 16. Qd3 Qe8 17. Rh3 Nf7 18. Rg3 Rg8 {½-½ (93) Biolek,R (2437)-Demidov,M (2524) Pardubice 2017}) 11... Nc6 12. Nf4 O-O-O 13. Ba3 {White is slightly better.} Qf7 14. h4 Nge7 15. O-O Rhg8 (15... Kb7 $11) 16. Rfb1 (16. Bxe7 $14 Qxe7 17. a5) 16... h6 17. Nh3 (17. Bxe7 $11 Nxe7 18. h5) 17... Qh5 (17... g5 $15 {stays ahead.}) 18. Nf4 (18. Bxe7 $1 $16 Nxe7 19. a5) 18... Qf7 $11 19. Nh3 (19. Bxe7 $11 Nxe7 20. a5) 19... g5 $15 20. hxg5 hxg5 21. Nxg5 Qh5 22. f4 $1 {[#]} Ng6 $1 {[%cal Rg6f4][%mdl 1024] ...Nxf4! is the strong threat. Black has strong compensation.} 23. Bc1 $1 Qd1+ 24. Kh2 $2 {[%mdl 8192]} ({White must play} 24. Kf2 $1 $15) 24... Rh8+ $19 25. Nh3 Rdg8 26. Ba3 Qg4 27. Rf1 {[#]} Ngxe5 (27... Nxf4 $142 $1 {[%mdl 512]} 28. Qxg4 (28. Rxf4 Qxg3+) 28... Rxg4 29. Rxf4 Rxf4) 28. Qxg4 Nxg4+ ({And not} 28... fxg4 29. fxe5 gxh3 30. g3 $11) 29. Kh1 Na5 {Played: Ng4-e3} 0-1

[Event "18th Delhi GM Open 2020"]
[Site "Delhi"]
[Date "2020.01.11"]
[Round "4.5"]
[White "Rahman, Ziaur"]
[Black "Hesham, Abdelrahman"]
[Result "1-0"]
[WhiteElo "2434"]
[BlackElo "2429"]
[Annotator "RC"]
[PlyCount "104"]
[EventDate "2020.01.09"]
[EventType "swiss"]
[EventCountry "IND"]
[SourceTitle "playchess.com"]
[Source "ChessBase"]
[SourceQuality "1"]
[TimeControl "5400+30"]

1. d4 {[%emt 0:00:16]} Nf6 {[%emt 0:00:19]} 2. Bg5 {[%emt 0:01:09]} Ne4 {[%emt 0:01:12]} 3. Bf4 {[%emt 0:00:12]} e6 {[%emt 0:00:07]} 4. Nd2 {[%emt 0:06:57]} d5 {[%emt 0:05:47]} 5. Nxe4 {[%emt 0:01:30]} dxe4 {[%emt 0:00:05]} 6. e3 {[%emt 0:00:18]} Bd6 {[%emt 0:04:10]} 7. Nh3 {[%emt 0:02:59]} Qe7 {[%emt 0:02:30]} 8. c3 {[%emt 0:03:32]} Nd7 {[%emt 0:06:19]} 9. Qc2 {[%emt 0:06:49]} f5 {[%emt 0:04:25]} 10. O-O-O {[%emt 0:04:23]} e5 {[%emt 0:11:29]} 11. dxe5 {[%emt 0:07:18]} Nxe5 {[%emt 0:00:24]} 12. Bxe5 {[%emt 0:01:45]} Bxe5 {[%emt 0:07:43]} 13. Qb3 {[%emt 0:01:02]} a5 {[%emt 0:03:12]} 14. a4 {[%emt 0:03:42]} c6 {[%emt 0:01:53]} 15. Bc4 {[%emt 0:05:10]} b5 {[%emt 0:26:02]} 16. axb5 {[%emt 0:02:33]} a4 {[%emt 0:01:43]} 17. Qa3 {[%emt 0:01:10]} Qxa3 {[%emt 0:00:07]} 18. bxa3 {[%emt 0:00:04]} Bd7 {[%emt 0:00:39]} 19. bxc6 {[%emt 0:01:31]} Bxc6 {[%emt 0:01:10]} 20. Ng5 {[%emt 0:02:15]} Bxc3 {[%emt 0:08:53]} 21. Rd6 {[%emt 0:04:11]} Rc8 {[%emt 0:00:04]} 22. Ba6 {[%emt 0:09:29]} Rc7 {[%emt 0:00:33]} 23. Rhd1 {[%emt 0:01:57]} Bd7 {[%emt 0:11:24]} 24. Rxd7 {[%emt 0:00:51]} Bd2+ {[%emt 0:00:04]} 25. Kb2 {[%emt 0:05:34]} Kxd7 {[%emt 0:00:07]} 26. Rxd2+ {[%emt 0:00:14]} Ke7 {[%emt 0:00:03]} 27. Rd4 {[%emt 0:02:25]} Ra8 {[%emt 0:00:04]} 28. Bc4 {[%emt 0:04:27]} Rb8+ {[%emt 0:01:17]} 29. Kc2 {[%emt 0:00:07]} Rcb7 {[%emt 0:00:19]} 30. g4 {[%emt 0:02:20]} Kf6 {[%emt 0:01:26]} 31. h4 {[%emt 0:00:11]} h6 {[%emt 0:00:32]} 32. Nh3 {[%emt 0:03:56]} fxg4 {[%emt 0:00:28]} 33. Nf4 {[%emt 0:00:07]} Rb2+ {[%emt 0:00:18]} 34. Kc3 {[%emt 0:00:04]} Rxf2 {[%emt 0:00:13]} 35. Rxe4 {[%emt 0:01:04]} Rc8 {[%emt 0:01:46]} 36. Kd3 {[%emt 0:04:41]} Rd8+ {[%emt 0:00:36]} 37. Nd5+ {[%emt 0:03:05]} Kf5 {[%emt 0:00:15]} 38. Re7 {[%emt 0:00:31]} Kg6 {[%emt 0:00:09]} 39. Kd4 {[%emt 0:03:14]} Rd2+ {[%emt 0:00:58]} 40. Ke5 {[%emt 0:00:02]} g3 {[%emt 0:00:36]} 41. Nf4+ {[%emt 0:00:16]} Kh7 {[%emt 0:00:01]} 42. Nh5 {[%emt 0:01:01]} g2 {[%emt 0:00:47]} 43. Rxg7+ {[%emt 0:00:52]} Kh8 44. Rg6 {[%emt 0:00:37]} Kh7 {[%emt 0:00:27]} 45. Bf7 {[%emt 0:04:08]} Rf2 {[%emt 0:01:15]} 46. Nf4 {[%emt 0:01:25]} Rd7 {[%emt 0:00:08]} 47. Bg8+ {[%emt 0:00:13]} Kh8 {[%emt 0:00:01]} 48. Bd5 {[%emt 0:00:52]} Re7+ {[%emt 0:00:29]} 49. Kd4 {[%emt 0:00:44]} Rd2+ {[%emt 0:00:15]} 50. Kc5 {[%emt 0:00:32]} Rxe3 {[%emt 0:00:58]} 51. Rxh6+ {[%emt 0:00:08]} Kg7 {[%emt 0:00:01]} 52. Rg6+ {[%emt 0:00:06]} Kh7 {[%emt 0:00:05]} 1-0

[Event "18th Delhi GM Open 2020"]
[Site "Delhi"]
[Date "2020.01.11"]
[Round "4.6"]
[White "Amonatov, Farrukh"]
[Black "Muthaiah AL"]
[Result "1-0"]
[WhiteElo "2631"]
[BlackElo "2367"]
[Annotator "TA"]
[PlyCount "45"]
[EventDate "2020.01.09"]
[EventType "swiss"]
[EventCountry "IND"]
[SourceTitle "playchess.com"]
[Source "ChessBase"]
[SourceQuality "1"]

{[%evp 17,57,59,58,52,72,61,43,8,20,16,9,19,24,28,64,18,17,17,193,207,308,299,300,283,278,148,254,246,855,552,29968,29965,29993,29994,29994,29992,29995,29972,2371,754,710,703]} 1. e4 c5 2. Nf3 e6 3. d4 cxd4 4. Nxd4 Nc6 5. Nc3 Qc7 6. Be3 Nf6 7. f4 d6 8. Qf3 a6 9. O-O-O Bd7 10. g4 {B82: Sicilian Scheveningen: 6 f4} h6 11. Nxc6 $146 ({Predecessor:} 11. Rg1 Rc8 12. Kb1 b5 13. a3 Be7 14. Be2 Nxd4 15. Bxd4 e5 16. Be3 Bc6 17. g5 hxg5 18. fxg5 {1-0 (33) David,A (2574)-Brunello,S (2557) Rome 2016}) 11... Bxc6 12. g5 {White is slightly better.} Nxe4 13. Nxe4 {Threatens to win with Bf2.} d5 $1 14. Bd3 dxe4 15. Bxe4 Be7 16. h4 Rc8 17. Bd4 Rg8 $2 (17... Bxe4 $11 {and Black stays safe.} 18. Qxe4 hxg5) 18. Kb1 $18 h5 (18... Kf8 $142 19. Rhg1 Bxe4 20. Qxe4 Qc6) 19. f5 {Hoping for fxe6.} Bxe4 20. Qxe4 Qc6 {[#]} 21. Qd3 ({Only move:} 21. Qe2 $1 $18) 21... Qc4 (21... Qb5 $16) 22. Qd2 $40 {[%mdl 128] White has strong attack.} exf5 $2 {[#]} (22... Rd8) 23. Bb6 {Played: Rh1-e1} 1-0

[Event "18th Delhi GM Open 2020"]
[Site "Delhi"]
[Date "2020.01.11"]
[Round "4.7"]
[White "Taher, Yoseph Theolifus"]
[Black "Ponkratov, Pavel"]
[Result "1/2-1/2"]
[WhiteElo "2462"]
[BlackElo "2622"]
[Annotator "TA"]
[PlyCount "194"]
[EventDate "2020.01.09"]
[EventType "swiss"]
[EventCountry "IND"]
[SourceTitle "playchess.com"]
[Source "ChessBase"]
[SourceQuality "1"]

{[%evp 14,194,28,7,16,13,31,7,29,16,54,39,33,27,49,47,59,63,77,44,52,56,28,34,29,40,59,18,37,26,12,-28,-30,-24,0,0,0,0,0,0,0,0,0,-2,0,-7,-2,-5,0,-16,7,0,0,-8,-2,-12,-2,-3,-3,-5,-11,-8,14,-20,-20,-41,-6,-12,0,-28,-13,-227,-247,-296,-289,-300,-292,-285,-261,-287,-277,-263,-235,-270,-271,-330,-311,-311,-310,-310,-310,-304,-308,-302,-313,-585,-590,-576,-397,-430,-360,-395,-372,-393,-325,-381,-350,-718,-438,-1542,-1477,-1331,-1077,-1262,-1295,-629,-879,-784,-434,-422,-420,-352,-347,-410,-386,-406,-401,-1377,-1390,-1163,-379,-431,-415,-368,-230,-196,0,0,0,0,0,-19,0,0,0,0,0,0,0,0,0,0,0,0,0,0,0,0,0,0,0,0,0,0,0,0,0,0,0,0,0,0,0,0,0,0,0,0,0,0,0,0,0]} 1. e4 e5 2. Nf3 Nc6 3. Bb5 a6 4. Ba4 Nge7 5. O-O g6 6. c3 b5 7. Bb3 Bg7 8. d4 exd4 {C60: Ruy Lopez: Unusual Black 3rd moves and 3...g6} 9. cxd4 d6 10. Nc3 O-O 11. h3 h6 12. Be3 Na5 13. Qd2 Kh7 14. d5 {[#]} f5 $146 ({Predecessor:} 14... b4 15. Ne2 f5 16. Qxb4 fxe4 {0-1 (38) Vedder,R (2283)-Sargissian,G (2685) Rethymno 2012}) 15. Bd4 Bxd4 16. Qxd4 fxe4 17. Nxe4 {Strongly threatening Nf6+.} Nxb3 18. axb3 Nf5 $1 {[%cal Rf5d4]} 19. Qd3 Bb7 20. b4 Ng7 21. Rfe1 Nh5 22. Nc3 Nf4 23. Qe4 Rf7 24. Rad1 Qf6 25. Re3 Raf8 26. Kh2 Qf5 27. Qxf5 Rxf5 28. Nd4 R5f7 29. Nb3 g5 30. f3 Rg8 31. Nd4 Ng6 32. Nc2 Ne5 33. Re4 Nd7 34. Rde1 Nf6 35. Rd4 Kg6 36. Kg1 h5 37. Kf2 Nd7 38. Kg1 Ne5 39. h4 gxh4 40. Rxh4 Kh6 41. Kh1 Bc8 42. Re2 $2 {[#]} (42. Nd4 $11 {and White is okay.}) 42... Rxf3 $1 $19 {[%mdl 576] And now ...Rf1+ would win. Demolition} 43. gxf3 Nxf3 {[%csl Gf3][%cal Rg8g1]} 44. Rxh5+ Kxh5 {[%csl Gf3][%cal Rg8g1]} 45. Rg2 Re8 46. Rg3 Bg4 47. Kg2 Nh4+ 48. Kf2 Rf8+ 49. Kg1 Nf3+ 50. Kg2 Kh4 51. Ne4 Ne5 {aiming for ...Bf3+.} 52. Nd2 Rf4 53. Rc3 Bf5 54. Rxc7 $2 (54. Ne1 {might work better.}) 54... Bxc2 55. Rxc2 {[%mdl 4096] Endgame KRN-KRN} Kg4 56. Rc8 Rxb4 57. b3 Rd4 58. Nf1 Kf4 59. Ra8 Rxd5 60. Rxa6 $2 (60. Kf2) 60... Nd3 61. Ra2 (61. Ra8 $142 Rg5+ 62. Kh2) 61... Rg5+ 62. Kh2 Ne5 63. Ra8 Nf3+ 64. Kh3 Nd4 65. Rf8+ Rf5 66. Rd8 Rf6 67. b4 Ke4 68. Kg2 Kd3 69. Ng3 Nc6 70. Rd7 (70. Ra8 $142 d5 71. Nh5) 70... Nxb4 71. Rb7 Kc4 $2 (71... Nd5 72. Rxb5 Ne3+ 73. Kh3 Kc4) 72. Ne4 {[#]} Rg6+ $1 73. Kf1 Nc6 74. Rd7 {[#]} d5 $2 (74... Kd5 $1 $19 {[%cal Rd5e4]} 75. Nc3+ Ke6) 75. Nd6+ $11 {The position is equal.} Kc5 {[#]} 76. Nxb5 $1 {[%mdl 512]} Ne5 (76... Kxb5 77. Rxd5+) 77. Rb7 Rg3 {Threatens to win with ...Rb3.} 78. Nc7 Kc6 79. Rb5 Kxc7 80. Rxd5 {KRN-KR} Nd3 81. Rd4 Kc6 82. Ke2 Ne5 83. Rd8 Kc5 84. Rc8+ Kd4 85. Kf2 Ra3 86. Rd8+ Ke4 87. Re8 Rb3 88. Re7 Kf4 89. Ke2 Rb2+ 90. Kd1 Nf3 91. Re2 Rb8 92. Re7 Ne5 93. Kc2 Ke4 94. Rh7 Rc8+ 95. Kb3 Nf3 96. Kb4 Rc1 97. Rh8 Ke5 {Accuracy: White = 45%, Black = 63%.} 1/2-1/2

[Event "18th Delhi GM Open 2020"]
[Site "Delhi"]
[Date "2020.01.11"]
[Round "4.8"]
[White "Karthikeyan, Murali"]
[Black "Saptarshi, Roy"]
[Result "1/2-1/2"]
[WhiteElo "2606"]
[BlackElo "2460"]
[Annotator "TA"]
[PlyCount "122"]
[EventDate "2020.01.09"]
[EventType "swiss"]
[EventCountry "IND"]
[SourceTitle "playchess.com"]
[Source "ChessBase"]
[SourceQuality "1"]

{[%evp 10,122,21,27,29,35,42,41,42,29,46,40,46,37,49,32,42,36,27,20,23,-23,0,0,30,10,22,0,0,6,8,0,0,0,0,-8,-8,-7,-8,-21,-21,-13,-6,-7,-6,-6,0,0,0,-20,0,0,0,0,0,0,0,0,0,0,27,9,31,7,37,37,43,35,34,38,25,0,0,0,0,0,0,0,11,0,0,0,16,21,74,81,318,318,306,281,333,329,333,334,338,341,379,379,379,373,406,-4569,-4569,-4573,-4562,-4566,0,-4566,0,-4562,0,-4566,-4562,-4562,-4562]} 1. e4 c5 2. Nf3 a6 3. c3 e6 4. d4 d5 5. exd5 exd5 6. Bd3 c4 {B22: Sicilian: 2 c3} 7. Bc2 Nc6 (7... Bd6 8. O-O Ne7 9. Re1 O-O 10. Bg5 f6 11. Bh4 Nbc6 12. Bg3 Bf5 13. Nbd2 Qd7 14. Nf1 {½-½ (37) Goryachkina,A (2575)-Grachev,B (2621) Sochi 2019}) 8. O-O Bd6 {White is slightly better.} 9. b3 {And now Re1+ would win.} cxb3 10. axb3 Nge7 11. Re1 O-O 12. Nbd2 Bf5 13. Nf1 Rc8 14. Bd2 $146 ({Predecessor:} 14. Bxf5 Nxf5 {½-½ (89) Begelman,B (2200)-Shytaj,L (2446) Civitanova Marche 2016}) 14... Qd7 15. c4 Bxc2 16. Qxc2 Qf5 17. Qb2 Rfe8 18. c5 Bb8 19. b4 Na7 20. Qb3 Nb5 21. Rad1 Rcd8 22. Bg5 f6 23. Bc1 Kf8 24. Re2 Nc6 25. Rxe8+ Kxe8 26. Ne3 Qh5 27. h3 Kf8 28. Nc2 Re8 29. Ne3 Rd8 30. Nc2 Re8 31. Be3 Qf5 32. Na3 Nxa3 33. Qxa3 Qc2 34. Rc1 Qe2 35. Qb3 Rd8 36. Rb1 (36. Qb1 {is more complex.} g6 37. Qb3 Kf7 38. Ne1 Qb5 39. Nc2) 36... Qb5 37. Ne1 Qc4 38. Nc2 Qxb3 39. Rxb3 Bc7 40. b5 axb5 $1 41. Rxb5 Rb8 42. g4 g5 43. Kg2 Kf7 44. Ne1 Ke6 45. Nd3 b6 46. f4 bxc5 (46... Bd8 $1 $11) 47. Rxc5 $16 Kd6 $2 {[#]} (47... Rb6 $16) 48. fxg5 $18 fxg5 49. Bxg5 Rb3 50. Bf4+ Kd7 51. Rxd5+ Ke6 52. Rc5 Nxd4 53. Rxc7 {[#] aiming for Nc5+.} Rxd3 54. Rxh7 {[%mdl 4096] Endgame KRB-KRN} Kf6 55. Rf7+ $4 {[%mdl 8192]} (55. Rh6+ $18 Kf7 56. h4) 55... Kxf7 $19 56. Be5 Rd2+ 57. Kg3 Rd3+ 58. Kg2 $1 Rd2+ 59. Kg3 Rd3+ $2 (59... Ne6 $19 {Strongly threatening ...Rd5.} 60. h4 Rd3+ 61. Kg2 Nc5) 60. Kf2 $2 {[%mdl 8192]} (60. Kg2 $11 Nf3 61. Bc7) 60... Ne6 61. h4 Rd5 {[%mdl 32768] Accuracy: White = 53%, Black = 57%. . An unexpected result.} 1/2-1/2

[Event "18th Delhi GM Open 2020"]
[Site "Delhi"]
[Date "2020.01.11"]
[Round "4.9"]
[White "Yakubboev, Nodirbek"]
[Black "Shyaamnikhil P"]
[Result "1/2-1/2"]
[WhiteElo "2597"]
[BlackElo "2458"]
[Annotator "TA"]
[PlyCount "139"]
[EventDate "2020.01.09"]
[EventType "swiss"]
[EventCountry "IND"]
[SourceTitle "playchess.com"]
[Source "ChessBase"]
[SourceQuality "1"]

{[%evp 9,139,33,36,24,20,8,22,17,22,0,19,8,28,39,38,35,52,56,61,23,85,68,72,73,82,98,108,104,112,113,114,115,107,111,108,103,104,114,124,114,108,104,167,160,189,188,196,188,217,191,245,250,243,171,252,229,244,221,220,216,280,275,273,228,366,360,333,351,359,334,335,339,384,292,416,411,408,421,417,382,381,312,290,277,423,418,388,381,400,403,406,307,322,168,152,72,80,80,69,70,97,97,552,524,343,518,524,516,242,39,39,0,0,0,0,0,0,0,0,0,0,0,0,0,0,0,0,0,0,0,0,0]} 1. d4 d6 2. Nf3 g6 3. g3 Bg7 4. Bg2 c5 5. O-O Qb6 {[%cal Rc5d4]} (5... cxd4 6. Nxd4 Qb6 7. Be3 Qa5 8. Qd2 Qxd2 9. Nxd2 a6 10. c4 Nf6 11. h3 e5 12. N4b3 Nc6 {½-½ (42) Agdestein,S (2628)-Caruana,F (2791) Stavanger 2014}) 6. c3 {A41: 1 d4 d6: Tartakower System and Modern Defence} Nf6 7. Re1 d5 $146 ({Predecessor:} 7... O-O 8. h3 Nc6 9. d5 Na5 10. Nfd2 e6 11. c4 exd5 12. cxd5 Qc7 {½-½ (50) Rahman,A (2304)-Karimov,I (2290) Tashkent 2016}) 8. Qb3 Nc6 9. Rd1 O-O 10. Bf4 Qxb3 11. axb3 cxd4 12. Nxd4 Bd7 13. Nb5 e6 14. c4 e5 (14... a6 $11 {remains equal.} 15. Nd6 Nh5) 15. Bg5 $16 d4 16. Nc7 Rab8 17. Nd5 Ng4 18. h3 f6 19. Bd2 Nh6 20. b4 $36 {[%mdl 2048] Threatens to win with b5. Black is under strong pressure.} a6 21. b5 axb5 22. cxb5 Nd8 23. Bb4 Bxb5 24. Bxf8 Kxf8 25. e3 f5 (25... Nf5 $16) 26. exd4 $18 exd4 27. Na3 Be8 28. Nc7 Bc6 29. Re1 Rc8 (29... Nhf7 $142 30. Bxc6 Nxc6 31. Ne6+ Kg8) 30. Bxc6 bxc6 31. Re8+ Kf7 {Black wants to play ...Bf6.} 32. Nc4 Rxc7 33. Rxd8 Bf6 34. Rda8 Ke6 35. Re1+ Kd5 36. b3 {Ra5+ is the strong threat.} d3 (36... Nf7 $142 37. Ra5+ c5) 37. Re3 Kd4 38. Nb2 Kc3 39. Nxd3 Bd4 40. Rf3 Nf7 {White should prevent ...Ng5.} 41. Nc5+ Kc2 {[#]} (41... Kb2 {was worth a try.}) 42. Ne6 $1 Rd7 43. Nxd4+ Rxd4 {[%mdl 4096] Endgame KRR-KRN} 44. Re3 Ng5 45. Rc8 Rd6 46. Kg2 Ne4 (46... f4 {might work better.}) 47. b4 Kb2 48. g4 Nc3 49. gxf5 gxf5 50. Re5 Nd5 51. Rxf5 (51. Rb8 $142) 51... Ne7 {[#]} 52. Rff8 (52. Rcf8 $142 $1 {And now R5f7 would win.} Nxf5 53. Rxf5) 52... Nxc8 $16 53. Rxc8 {KR-KR} Kb3 54. Rb8 $1 Rg6+ 55. Kf3 Rh6 $2 {[%mdl 8192]} (55... Kc4 $16 {is tougher.}) 56. Kg4 $18 Rg6+ 57. Kf5 Rh6 58. f4 Rxh3 59. Kg4 $2 ({Better is} 59. Rb6 $18) 59... Rh1 $1 $14 60. f5 h5+ $1 {The position is equal.} 61. Kg5 {Black must now prevent f6.} h4 $1 62. f6 h3 63. Kg4 Rf1 {Hoping for ...h2.} 64. Kxh3 {With the idea b5.} Rxf6 65. Kg4 Rd6 66. Rb6 Rd4+ 67. Kf5 Rxb4 68. Rxc6 Rc4 69. Rxc4 Kxc4 70. Ke4 {Accuracy: White = 65%, Black = 60%.} 1/2-1/2

[Event "18th Delhi GM Open 2020"]
[Site "Delhi"]
[Date "2020.01.11"]
[Round "4.10"]
[White "Lugovskoy, Maxim"]
[Black "Mchedlishvili, Mikheil"]
[Result "1/2-1/2"]
[WhiteElo "2453"]
[BlackElo "2578"]
[Annotator "TA"]
[PlyCount "60"]
[EventDate "2020.01.09"]
[EventType "swiss"]
[EventCountry "IND"]
[SourceTitle "playchess.com"]
[Source "ChessBase"]
[SourceQuality "1"]

{[%evp 9,60,-3,2,-36,-5,6,24,16,18,28,16,18,47,2,14,-31,-31,-36,-17,-22,-6,-8,-12,-24,-11,-28,-5,-23,18,0,0,0,0,-15,0,0,0,0,-24,-24,0,0,0,0,0,0,0,0,0,0,0,0,0]} 1. e4 c6 2. d4 d5 3. f3 e6 4. Nc3 Bb4 5. Bd2 Ne7 6. Nce2 {B12: Caro-Kann: Advance Variation} Bxd2+ (6... Ba5 {with more complications.} 7. c3 Bb6 8. Qc2 c5 9. dxc5 Bxc5 10. O-O-O Qb6) 7. Qxd2 b6 {[%cal Bb7b6,Bb6b5,Bb5b4][%mdl 32]} 8. O-O-O {White has an edge.} O-O $146 ({Predecessor:} 8... Ba6 9. Nh3 Nd7 10. Nhf4 O-O 11. h4 Rc8 12. Kb1 Bxe2 13. Bxe2 {1-0 (33) Dzhumaev,M (2553)-Megaranto,S (2524) Incheon 2013}) 9. h4 c5 10. h5 c4 11. h6 {[#] Hoping for hxg7.} g6 12. e5 b5 13. Nh3 Nec6 14. Qg5 Nd7 15. Qxd8 Rxd8 16. Ng5 b4 17. f4 Nb6 18. g4 Bd7 19. f5 exf5 20. gxf5 Bxf5 21. Bh3 Ne7 22. Rdf1 {[#] aiming for Ng3.} Rf8 23. Ng3 {[%cal Rg3f5]} Bxh3 24. Rxh3 Nd7 25. Rh2 {And now Rhf2 would win.The position is equal.} f5 26. exf6 Rxf6 27. Rxf6 Nxf6 28. Rf2 $1 {[%cal Rf2f6]} Rf8 29. Ne6 Rf7 {White must now prevent ...Ng4.} 30. Ng5 Rf8 {Accuracy: White = 70%, Black = 62%.} 1/2-1/2

[Event "18th Delhi GM Open 2020"]
[Site "Delhi"]
[Date "2020.01.11"]
[Round "4.11"]
[White "Rozum, Ivan"]
[Black "Dzhumaev, Marat"]
[Result "1-0"]
[WhiteElo "2573"]
[BlackElo "2422"]
[Annotator "TA"]
[PlyCount "85"]
[EventDate "2020.01.09"]
[EventType "swiss"]
[EventCountry "IND"]
[SourceTitle "playchess.com"]
[Source "ChessBase"]
[SourceQuality "1"]

{[%evp 16,85,22,22,18,37,41,26,44,49,61,63,185,67,70,12,12,0,9,-3,0,-34,-12,-96,-85,-98,-93,-90,-26,-27,-3,-14,-7,-7,10,23,15,0,0,-6,33,20,44,35,35,19,38,33,38,25,20,26,18,0,0,0,388,394,352,375,390,388,350,278,542,537,531,543,535,516,1117,1095]} 1. d4 Nf6 2. Nf3 g6 3. g3 Bg7 4. Bg2 O-O 5. O-O d6 6. c4 Nc6 7. Nc3 a6 8. b3 Rb8 9. d5 Na5 {E63: King's Indian: Fianchetto: Panno Variation with 7...a6} 10. Bg5 $146 (10. Bd2 c5 11. dxc6 Nxc6 12. Qc1 Bd7 13. Bh6 b5 14. Bxg7 Kxg7 15. cxb5 axb5 16. Qb2 Kg8 17. b4 Qb6 18. Rfd1 Rfc8 {½-½ (77) Inarkiev,E (2689)-Zhao,J (2604) Riadh 2017}) 10... c5 11. dxc6 $1 bxc6 {White has an edge.} 12. Qd2 Re8 13. Rad1 Bb7 {[#]} (13... c5 $14) 14. e4 ({White has to play} 14. c5 $1 $18) 14... c5 15. Rfe1 ({Better is} 15. e5 $14 Bxf3 16. Bxf3 dxe5 17. Qxd8 Rexd8 18. Rfe1) 15... Nd7 16. Nd5 Nc6 17. h3 Ba8 18. Nh2 Nd4 19. f4 (19. Nf3 $11 {remains equal.}) 19... h6 20. Bh4 a5 21. Rb1 Nf6 (21... Bxd5 $17 22. exd5 {[#]} a4 $1 {[%mdl 512]}) 22. Nc3 Qd7 23. g4 Bc6 24. e5 dxe5 25. fxe5 Nh7 26. Bxc6 Qxc6 27. Qg2 (27. Qf2 {looks sharper.} Rbd8 28. Rbd1 g5 29. Bg3 Nf8 30. Rf1) 27... Qc8 28. Nf3 Ne6 29. Rbd1 Nhf8 30. Bg3 g5 31. h4 Ng6 32. hxg5 hxg5 33. Nd5 a4 34. Rd3 axb3 35. axb3 Nd4 $2 {[%mdl 8192]} (35... Rd8 $11 {and Black stays safe.}) 36. Nxd4 $18 cxd4 37. e6 $1 {[%cal Re6f7]} Rb7 38. exf7+ Kxf7 39. Qe4 {Hoping for Rf3+.} Nf8 $2 (39... e5 {keeps fighting.} 40. Rf3+ Nf4 41. Nxf4 gxf4) 40. Be5 {Threatens to win with Rf1+.White is clearly winning.} Qe6 41. Qxd4 Kg8 42. Rde3 Bh6 (42... Qh6 $142 43. Rf1 Nh7 44. Bxg7 Qxg7) 43. Bf6 {Accuracy: White = 56%, Black = 38%.} 1-0

[Event "18th Delhi GM Open 2020"]
[Site "Delhi"]
[Date "2020.01.11"]
[Round "4.12"]
[White "Silva, Kevin Ranidu"]
[Black "Fedorov, Alexei"]
[Result "1/2-1/2"]
[WhiteElo "1854"]
[BlackElo "2562"]
[Annotator "TA"]
[PlyCount "122"]
[EventDate "2020.01.09"]
[EventType "swiss"]
[EventCountry "IND"]
[SourceTitle "playchess.com"]
[Source "ChessBase"]
[SourceQuality "1"]

{[%evp 9,122,22,17,21,16,11,18,17,28,27,29,-10,-4,-8,0,0,0,4,14,4,4,0,1,-6,0,-20,-20,-10,-5,-6,-7,-17,0,-41,-33,-37,-43,-72,-51,-54,0,0,0,-19,-13,-22,-15,-31,-6,-43,0,-25,-2,-21,-12,-14,-18,-60,-14,-37,-25,-41,0,0,0,0,0,0,0,0,169,-7,16,16,16,16,20,6,6,11,20,0,88,0,0,0,0,0,0,0,6,6,0,8,25,0,0,0,0,0,0,0,0,0,0,0,0,0,0,0,0,0,0,0,0]} 1. e4 g6 2. d4 Bg7 3. Nc3 c5 4. Be3 Qa5 5. Qd2 cxd4 6. Bxd4 {B06: Modern Defence} Bxd4 7. Qxd4 Nf6 8. Nf3 (8. O-O-O Nc6 9. Qe3 d6 10. Bc4 Bd7 11. h3 Rc8 12. Bb3 Be6 13. Kb1 {0-1 (27) Mrva,M (2468)-Azmaiparashvili,Z (2673) Neum 2000}) 8... Nc6 9. Qd2 O-O 10. Bd3 d6 11. O-O Bd7 $146 ({Predecessor:} 11... Bg4 12. Qe3 Bxf3 13. Qxf3 {0-1 (51) Romero,J-Biyiasas,P Ventura 1971}) 12. a3 Ne5 13. Nxe5 Qxe5 14. f4 Qd4+ 15. Kh1 Bc6 {[%cal Rf6e4]} 16. Rae1 (16. Rad1 {seems wilder.} Rac8 17. Qe2 Qb6 18. b4 Qc7 19. Qe3) 16... Rad8 17. Qf2 Qxf2 18. Rxf2 e6 19. h3 a6 20. Kh2 b5 21. e5 dxe5 22. fxe5 Nd7 23. b4 Kg7 24. a4 Rb8 (24... bxa4 $15 25. Bxa6 Nb6) 25. axb5 $11 axb5 26. Rd2 Rfc8 27. Bf1 Rc7 28. Rd6 Kf8 29. Re3 Ke7 30. Rd4 Ra7 31. Be2 Ra1 32. Rd2 h5 33. h4 Rc1 34. Bd3 Nb6 35. Rf2 Nd5 (35... Rc8 {with more complications.} 36. Ree2 Bxg2 37. Nxb5 Bf1 38. Nd6 Rf8) 36. Nxd5+ Bxd5 37. Rf4 Rc8 38. Re2 Bc6 $1 39. Kg3 Rd8 $2 (39... Be8 $11 {and Black has nothing to worry.}) 40. Kf2 $2 (40. Ref2 $18 f5 41. exf6+ Kf7 42. Re2) 40... g5 41. hxg5 Rg8 42. g6 fxg6 43. Ke3 g5 44. Rf6 h4 45. Rh6 Rg7 {[#]} (45... Rf8 $11 {keeps the balance.}) 46. Rh8 ({White should play} 46. Kd4 $1 $16) 46... Rg1 47. Be4 Bxe4 48. Kxe4 {[%mdl 4096] Endgame KRR-KRR} Rf7 49. Kd4 Rd1+ 50. Kc5 Rd5+ 51. Kc6 Rf4 52. c3 Kf7 {The position is equal.} 53. Rh6 Rd3 54. Ra2 Rxc3+ 55. Kxb5 {Threatens to win with Ra7+.} Rb3 56. Ra7+ Kg8 57. Rxe6 {[#] Strongly threatening Re8+.} Rbxb4+ 58. Kc5 {aiming for Re8+.} Rfc4+ 59. Kd5 {[%cal Re6e8]} Rd4+ 60. Kc5 {[%cal Re6e8]} Rbc4+ 61. Kb5 {[%cal Re6e8]} Rb4+ {Accuracy: White = 53%, Black = 55%.} 1/2-1/2